| 000 | 00682nam a2200229 i 4500 | ||
|---|---|---|---|
| 001 | 114908 | ||
| 003 | ES-MaACL | ||
| 005 | 20230906190301.0 | ||
| 007 | t| | ||
| 008 | 070209s2005 sp ||||1| spa d | ||
| 080 | _a87(Virgilio 1.06) | ||
| 100 | 1 |
_aVirgilio Marón, Publio. _9115452 |
|
| 245 | 1 | 0 |
_aVirgilio _b: nueva versión directa / _cJavier de Echave-Sustaeta. |
| 260 |
_aBarcelona : _bLabor, _c1947. |
||
| 300 |
_a292 p. : _bil ; _c18 cm. |
||
| 490 | 1 |
_aClásicos Labor ; _v2 |
|
| 600 | 1 | 4 |
_aVirgilio Marón, Publio. _9115452 |
| 700 | 1 |
_aEchave-Sustaeta, J. _9161187 |
|
| 830 | 0 |
_aClásicos Labor ; _v2 _9185822 |
|
| 852 |
_aES-MaACL _jE-3896 |
||
| 999 |
_c114908 _d114908 |
||